| 000 | 01099nam a2200265Ia 4500 | ||
|---|---|---|---|
| 003 | OSt | ||
| 005 | 20221005105453.0 | ||
| 006 | a|||||r|||| 00| 0 | ||
| 007 | ta | ||
| 008 | 221004b |||||||| |||| 00| 0 san d | ||
| 020 |
_a9788124608098 (hbk) _c1050 |
||
| 024 | _a23439 | ||
| 037 |
_b201, 18/11/2015, Vidyanidhi Prakashan _cTextual |
||
| 040 |
_aCRL _cCRL _bsan |
||
| 041 |
_2san _asan |
||
| 082 | _aR625, 152Q5 | ||
| 100 | _aशर्मा, अम्बिकादत्त, संपा. | ||
| 245 | 0 |
_aन्यायदर्शन _b न्यायसूत्र - न्यायभाष्य |
|
| 246 | _aNyāyadarshana: nyāyasūtra - nyāyabhāṣhya | ||
| 260 |
_aनई दिल्ली _bभारतीय दार्शनिक अनुसंधान परिषद् भारत _c2015 |
||
| 300 |
_a529पृ0 _ccm. |
||
| 650 | _aभारतीय दर्शन | ||
| 942 |
_hR625, 152Q5 _cTEXL _2cc |
||
| 999 |
_c1015929 _d1015929 |
||